Catalog

Record Details

Catalog Search



Who was Johnny Appleseed?  Cover Image Book Book

Who was Johnny Appleseed? / by Joan Holub ; illustrated by Anna DiVito.

Holub, Joan. (Author). DiVito, Anna. (Added Author).

Summary:

Learn about the real man behind the legend.

Record details

  • ISBN: 9780448439686
  • ISBN: 0448439689
  • ISBN: 9780448439693
  • ISBN: 0448439697
  • ISBN: 9780756958299
  • ISBN: 0756958296
  • ISBN: 9781435254909
  • ISBN: 1435254902
  • ISBN: 9781417738809
  • ISBN: 1417738804
  • Physical Description: 101 pages : illustrations, map ; 20 cm.
  • Publisher: New York : Grosset & Dunlap, ©2005.

Content descriptions

Bibliography, etc. Note:
Includes bibliographical references (pages 98-99).
Formatted Contents Note:
Who was Johnny Appleseed? -- Young Johnny -- Johnny's big idea -- Planting the first seeds -- Johnny takes care of his orchards -- Apple business grows -- How the Johnny Appleseed legend blossomed -- Good apple -- Trouble -- Hard work -- The legend continues.
Target Audience Note:
3.3.
Study Program Information Note:
Accelerated Reader AR MG 5.1 1.0 103287.
Subject: Appleseed, Johnny, 1774-1845.
Appleseed, Johnny, 1774-1845.
Apple growers > United States > Biography.
Frontier and pioneer life > Middle West.
Genre: Biographies.

Available copies

  • 1 of 1 copy available at scottsboropl.

Holds

  • 0 current holds with 1 total copy.
Show All Copies
Location Call Number / Copy Notes Barcode Shelving Location Status Due Date
scottsboropl J 634.11 Hol 32269001052052 Juvenile - NonFiction Available -

LDR 02080nam a22005534a 4500
001146296
003CONS
00520180403081904.0
008050208s2005 nyuab j b 000 0beng
010 . ‡a 2005003383
020 . ‡a9780448439686 ‡q(paperback)
020 . ‡a0448439689 ‡q(paperback)
020 . ‡a9780448439693 ‡q(hardcover)
020 . ‡a0448439697 ‡q(hardcover)
020 . ‡a9780756958299
020 . ‡a0756958296
020 . ‡a9781435254909
020 . ‡a1435254902
020 . ‡a9781417738809
020 . ‡a1417738804
0243 . ‡a9781417738809
035 . ‡a(CPomAG)LMN605047
042 . ‡apcc ‡alcac
043 . ‡an-us--- ‡an-usc--
05000. ‡aSB63.C46 ‡bH66 2005
08200. ‡a634/.11/092 ‡aB ‡222
1001 . ‡aHolub, Joan.
24510. ‡aWho was Johnny Appleseed? / ‡cby Joan Holub ; illustrated by Anna DiVito.
260 . ‡aNew York : ‡bGrosset & Dunlap, ‡c©2005.
300 . ‡a101 pages : ‡billustrations, map ; ‡c20 cm.
336 . ‡atext ‡btxt ‡2rdacontent
337 . ‡aunmediated ‡bn ‡2rdamedia
338 . ‡avolume ‡bnc ‡2rdacarrier
4901 . ‡aWho was--?
504 . ‡aIncludes bibliographical references (pages 98-99).
5050 . ‡aWho was Johnny Appleseed? -- Young Johnny -- Johnny's big idea -- Planting the first seeds -- Johnny takes care of his orchards -- Apple business grows -- How the Johnny Appleseed legend blossomed -- Good apple -- Trouble -- Hard work -- The legend continues.
520 . ‡aLearn about the real man behind the legend.
5210 . ‡a3.3.
5260 . ‡aAccelerated Reader AR ‡bMG ‡c5.1 ‡d1.0 ‡z103287.
60010. ‡aAppleseed, Johnny, ‡d1774-1845.
60011. ‡aAppleseed, Johnny, ‡d1774-1845.
650 0. ‡aApple growers ‡zUnited States ‡vBiography.
650 0. ‡aFrontier and pioneer life ‡zMiddle West.
655 7. ‡aBiographies. ‡2lcgft
7001 . ‡aDiVito, Anna.
830 0. ‡aWho was-- .
914 . ‡aSCP_kt
959 . ‡i32269001052052 ‡lJ 634.11 Hol ‡aJuvenile - NonFiction ‡tJuv Nonfiction ‡g6.00
852 . ‡p32269001052052 ‡jJ 634.11 Hol ‡gJuvenile - NonFiction ‡cJuv Nonfiction ‡y6.00 ‡bSBPL
901 . ‡a146296 ‡bUnknown ‡c146296 ‡tbiblio

Additional Resources